[Event "Araraquara op"]
[Site "Araraquara"]
[Date "2023.02.21"]
[Round "6.12"]
[White "De Mello, Rodrigo"]
[Black "Silva, Kaua Marques"]
[Result "0-1"]
[WhiteElo "1830"]
[BlackElo "2228"]
[PlyCount "122"]
[EventDate "2023.02.19"]
[EventType "swiss"]
[EventRounds "6"]
[EventCountry "BRA"]
[SourceTitle "CBM 213 Extra"]
[Source "ChessBase"]
[SourceDate "2023.05.31"]
[SourceVersion "1"]
[SourceVersionDate "2023.05.31"]
[SourceQuality "1"]

1. d4 Nf6 2. Nf3 e6 3. Bf4 c5 4. c3 b6 5. e3 Bb7 6. Nbd2 Be7 7. Be2 0-0 8. 0-0 d6 9. h3 Re8 10. Re1 Nbd7 11. Rc1 Bf8 12. Bg5 h6 13. Bxf6 Nxf6 14. Bb5 Re7 15. e4 a6 16. Bf1 Rc8 17. e5 dxe5 18. dxe5 Nd5 19. Qa4 Rd7 20. Qg4 Qc7 21. Ne4 Kh8 22. Ng3 Rcd8 23. Bc4 Ne7 24. Bb3 Ng8 25. Bc2 g6 26. Be4 h5 27. Qh4 Nh6 28. Bxb7 Qxb7 29. Qe4 Qxe4 30. Nxe4 Be7 31. Kf1 b5 32. Ke2 Kg7 33. Rcd1 Rd5 34. Rd2 Kf8 35. Red1 Nf5 36. b3 Ke8 37. c4 bxc4 38. bxc4 Rxd2+ 39. Rxd2 Rb8 40. Nd6+ Bxd6 41. exd6 Rd8 42. d7+ Rxd7 43. Rxd7 Kxd7 44. Ne5+ Ke7 45. g4 Nd4+ 46. Kd3 h4 47. f4 a5 48. g5 a4 49. Ke4 Ne2 50. Nd3 Kd6 51. Ne5 Ke7 52. Nd3 Nc3+ 53. Ke3 Nxa2 54. Nxc5 a3 55. Nb3 Nc3 56. Kd4 Ne2+ 57. Ke3 Ng1 58. Kf2 Nxh3+ 59. Kf3 e5 60. Kg4 e4 61. Kxh4 e3 0-1

[Event "Sao Paulo Livraria 5th"]
[Site "Sao Paulo"]
[Date "2015.05.07"]
[Round "4.6"]
[White "De Mello, Rodrigo"]
[Black "Jose, Anderson Willians"]
[Result "1/2-1/2"]
[WhiteElo "1821"]
[BlackElo "1618"]
[PlyCount "43"]
[EventDate "2015.05.05"]
[EventType "tourn"]
[EventRounds "11"]
[EventCountry "BRA"]
[SourceTitle "EXT 2022"]
[Source "ChessBase"]
[SourceDate "2021.10.06"]
[SourceVersion "1"]
[SourceVersionDate "2021.10.06"]
[SourceQuality "1"]

1. d4 d5 2. Nf3 Nf6 3. Bf4 Bf5 4. e3 e6 5. Nbd2 Bd6 6. Ne5 Nc6 7. Bb5 Bxe5 8. Bxe5 0-0 9. Bxc6 bxc6 10. 0-0 Rb8 11. b3 Qe7 12. c4 Ne8 13. Bg3 a5 14. c5 Nf6 15. Qe2 Rb5 16. Nf3 Ne4 17. Ne5 Nxg3 18. hxg3 Qe8 19. g4 f6 20. gxf5 fxe5 21. fxe6 Qxe6 22. f4 1/2-1/2

[Event "Americana Paulista op"]
[Site "Americana"]
[Date "2013.09.20"]
[Round "2"]
[White "Andrade, Thiago Oliveira"]
[Black "De Mello, Rodrigo"]
[Result "1-0"]
[WhiteElo "1740"]
[BlackElo "1833"]
[PlyCount "77"]
[EventDate "2013.09.20"]
[EventType "swiss"]
[EventRounds "6"]
[EventCountry "BRA"]
[SourceTitle "CBM 156 Extra"]
[Source "ChessBase"]
[SourceDate "2013.10.22"]
[SourceVersion "1"]
[SourceVersionDate "2013.10.22"]
[SourceQuality "1"]

1. e4 d5 2. exd5 Qxd5 3. Nc3 Qa5 4. d4 c6 5. Bc4 Nf6 6. Bd2 Qb6 7. Bb3 Bf5 8. Qe2 e6 9. 0-0-0 Bb4 10. Nf3 Nbd7 11. Nh4 Bg6 12. Nxg6 hxg6 13. d5 cxd5 14. Nxd5 Nxd5 15. Bxd5 Nf6 16. Be3 Bc5 17. Bxc5 Qxc5 18. Bxb7 Rb8 19. Bf3 0-0 20. h4 Qb4 21. b3 a5 22. Qd3 a4 23. Qd4 Qa3+ 24. Qb2 Qc5 25. Rd2 Rfc8 26. Kb1 g5 27. hxg5 Qxg5 28. Rhd1 Qc5 29. Qd4 Qa3 30. Qd6 Qxd6 31. Rxd6 axb3 32. cxb3 Kf8 33. Rc1 Re8 34. Rc7 e5 35. Bc6 Rb6 36. Rcd7 Reb8 37. Rc7 g6 38. f3 Ne8 39. Bxe8 1-0

[Event "Latin Cup"]
[Site "Montevideo"]
[Date "2011.11.05"]
[Round "7"]
[White "De Mello, Rodrigo"]
[Black "Magaldi, Nelson"]
[Result "1/2-1/2"]
[WhiteElo "1832"]
[BlackElo "2123"]
[PlyCount "77"]
[EventDate "2011.11.01"]
[EventType "swiss"]
[EventRounds "9"]
[EventCountry "URU"]
[SourceTitle "EXT 2012"]
[Source "ChessBase"]
[SourceDate "2011.11.24"]
[SourceVersion "1"]
[SourceVersionDate "2011.11.24"]
[SourceQuality "1"]

1. d4 d5 2. Nf3 Nf6 3. Bf4 e6 4. e3 Nbd7 5. Be2 Be7 6. Nbd2 c5 7. c3 0-0 8. Qc2 b6 9. h3 Bb7 10. 0-0 Ne4 11. Nxe4 dxe4 12. Ne5 Nxe5 13. dxe5 Qc8 14. Rfd1 Bc6 15. Rd2 Qb7 16. a4 a6 17. Rad1 b5 18. axb5 axb5 19. Qb3 c4 20. Bxc4 g5 21. Bg3 h5 22. Be2 h4 23. Bh2 Rfd8 24. Rxd8+ Rxd8 25. g3 hxg3 26. Bxg3 Rxd1+ 27. Qxd1 Qd7 28. Qxd7 Bxd7 29. Kf1 Bc6 30. Ke1 Kf8 31. Kd2 Ke8 32. Bh5 Kf8 33. Kc2 Kg7 34. Be2 Kf8 35. b3 Ke8 36. Bh5 Kf8 37. c4 b4 38. Kd2 Kg7 39. Ke2 1/2-1/2

[Event "Latin Cup"]
[Site "Montevideo"]
[Date "2011.11.04"]
[Round "6"]
[White "Dos Santos, Gustavo Jonathan"]
[Black "De Mello, Rodrigo"]
[Result "0-1"]
[WhiteElo "1820"]
[BlackElo "1832"]
[PlyCount "132"]
[EventDate "2011.11.01"]
[EventType "swiss"]
[EventRounds "9"]
[EventCountry "URU"]
[SourceTitle "EXT 2012"]
[Source "ChessBase"]
[SourceDate "2011.11.24"]
[SourceVersion "1"]
[SourceVersionDate "2011.11.24"]
[SourceQuality "1"]

1. d4 d5 2. Nf3 Nf6 3. c4 c6 4. Nc3 e6 5. Bg5 Be7 6. e3 Nbd7 7. Bd3 b6 8. 0-0 Bb7 9. Rc1 0-0 10. cxd5 cxd5 11. Qd2 h6 12. Bh4 a6 13. Rc2 Rc8 14. Rfc1 Ne4 15. Bxe4 Bxh4 16. Nxh4 Qxh4 17. Bd3 b5 18. Ne2 Rxc2 19. Rxc2 Rc8 20. Rxc8+ Bxc8 21. Qa5 Qe7 22. Qc7 Qe8 23. b3 Nf6 24. a4 bxa4 25. bxa4 Bd7 26. a5 Bb5 27. Bxb5 Qxb5 28. Kf1 Ne4 29. f3 Nd2+ 30. Kf2 Nc4 31. e4 Nxa5 32. exd5 Qxd5 33. Qc5 Qd8 34. f4 Nb3 35. Qc3 Qb6 36. Ke3 a5 37. g4 Qb7 38. Ng3 a4 39. Qb2 Qb4 40. Ne2 a3 41. Qc2 Qa4 42. Qa2 Qb4 43. Qc2 g6 44. h4 Nxd4 45. Nxd4 Qb2 46. Kd3 Qb8 47. Ne2 Qd8+ 48. Ke3 Qxh4 49. Kf3 h5 50. gxh5 Qxh5+ 51. Kf2 Qd5 52. Nc3 Qc4 53. Qd2 Qc5+ 54. Kf3 Qb6 55. Na2 Qb3+ 56. Ke2 Kh7 57. Nc1 Qg3 58. Nd3 Qh2+ 59. Nf2 Qh5+ 60. Ke3 Qc5+ 61. Ke2 Qc4+ 62. Ke3 a2 63. Qb2 Qa4 64. Ne4 Qa7+ 65. Kf3 a1Q 66. Ng5+ Kg8 0-1

[Event "American Continental 06th"]
[Site "Sao Paulo"]
[Date "2009.07.28"]
[Round "5"]
[White "De Mello, Rodrigo"]
[Black "Baptista, Igor Lucas"]
[Result "1-0"]
[WhiteElo "1819"]
[BlackElo "1969"]
[PlyCount "65"]
[EventDate "2009.07.25"]
[EventType "swiss"]
[EventRounds "11"]
[EventCountry "BRA"]
[SourceTitle "CBM 132 Extra"]
[Source "ChessBase"]
[SourceDate "2009.11.03"]
[SourceVersion "1"]
[SourceVersionDate "2009.11.03"]
[SourceQuality "1"]

1. d4 Nf6 2. Nf3 g6 3. Bf4 Bg7 4. e3 d6 5. Bc4 0-0 6. 0-0 Nbd7 7. Nbd2 a5 8. c3 a4 9. a3 c5 10. Re1 Qa5 11. Qe2 b5 12. Bd3 Bb7 13. h3 Rac8 14. Qd1 Nb6 15. e4 b4 16. cxb4 cxb4 17. Rc1 bxa3 18. bxa3 Rxc1 19. Qxc1 Rc8 20. Qb2 Nfd7 21. Nc4 Nxc4 22. Bxc4 Ba6 23. Bd2 Rb8 24. Qxb8+ Nxb8 25. Bxa5 Bxc4 26. Rb1 Nc6 27. Bc3 Bb3 28. d5 Na7 29. Bxg7 Kxg7 30. Nd4 Bc4 31. Rb7 Nc8 32. Rc7 Ba6 33. Nc2 1-0

[Event "American Continental 06th"]
[Site "Sao Paulo"]
[Date "2009.07.25"]
[Round "1"]
[White "De Mello, Rodrigo"]
[Black "Chemin, Vitorio"]
[Result "1/2-1/2"]
[WhiteElo "1819"]
[BlackElo "2228"]
[PlyCount "123"]
[EventDate "2009.07.25"]
[EventType "swiss"]
[EventRounds "11"]
[EventCountry "BRA"]
[SourceTitle "CBM 132 Extra"]
[Source "ChessBase"]
[SourceDate "2009.11.03"]
[SourceVersion "1"]
[SourceVersionDate "2009.11.03"]
[SourceQuality "1"]

1. d4 d5 2. c4 e6 3. Nc3 c5 4. e3 Nf6 5. Nf3 Nc6 6. cxd5 exd5 7. dxc5 Bxc5 8. Bb5 0-0 9. 0-0 Bg4 10. Be2 Qd7 11. Nb5 Rfe8 12. Nbd4 Bxd4 13. exd4 Rxe2 14. Qxe2 Nxd4 15. Qd3 Nxf3+ 16. gxf3 Bh3 17. Re1 d4 18. Re5 Be6 19. Bg5 Nd5 20. Bd2 Ne7 21. Rae1 Nc6 22. Rh5 g6 23. Rh4 Qd5 24. b3 Bf5 25. Qe2 h5 26. Bc1 Rd8 27. Bg5 Rc8 28. Bf6 Qe6 29. Qxe6 fxe6 30. Rxd4 Kf7 31. Be5 Nxd4 32. Bxd4 Bh3 33. Bxa7 Ra8 34. Bd4 Rxa2 35. Rc1 Rd2 36. Be5 g5 37. b4 Kg6 38. f4 Rd5 39. Bc7 gxf4 40. Bxf4 Rd4 41. Be3 Rg4+ 42. Kh1 Rxb4 43. Rc5 e5 44. Rc3 Be6 45. Kg2 Bd5+ 46. Kf1 Bc4+ 47. Kg2 b5 48. Kf3 Kf5 49. Bc5 Bd5+ 50. Ke2 Rb2+ 51. Ke3 b4 52. Rd3 Bc4 53. Rd8 Re2+ 54. Kf3 b3 55. Rb8 Re1 56. h4 Bd5+ 57. Kg3 Rg1+ 58. Kh3 Rg7 59. Ba3 Ra7 60. Bb2 Ra2 61. Bc3 Rxf2 62. Rf8+ 1/2-1/2

[Event "Sao Paulo Paulista-ch"]
[Site "Sao Paulo"]
[Date "2007.06.28"]
[Round "1"]
[White "De Mello, Rodrigo"]
[Black "Assumpcao, Roberto"]
[Result "0-1"]
[WhiteElo "1820"]
[BlackElo "2272"]
[PlyCount "104"]
[EventDate "2007.06.28"]
[EventType "swiss"]
[EventRounds "7"]
[EventCountry "BRA"]
[SourceTitle "CBM 119 Extra"]
[Source "ChessBase"]
[SourceDate "2007.09.04"]
[SourceVersion "1"]
[SourceVersionDate "2007.09.04"]
[SourceQuality "1"]

1. d4 Nf6 2. Nf3 e6 3. e3 b6 4. Bd3 Bb7 5. 0-0 d6 6. b3 Nbd7 7. Bb2 Be7 8. Nbd2 c5 9. c4 0-0 10. Qc2 Rc8 11. Rac1 cxd4 12. exd4 b5 13. Qb1 bxc4 14. Rxc4 Ba6 15. Rxc8 Qxc8 16. Rc1 Qb7 17. Ba3 Bxd3 18. Qxd3 Nb6 19. Qb5 Rc8 20. Rxc8+ Qxc8 21. Qd3 Nfd5 22. g3 h6 23. Ne4 Qc6 24. h4 Nf6 25. Ned2 Bf8 26. Qa6 Qa8 27. Qe2 Qc8 28. Qd3 Nfd5 29. Ne4 Qc6 30. Ned2 Qc8 31. Ne4 Qc7 32. Ned2 Nc3 33. Kg2 Nxa2 34. Qb5 Nc3 35. Qa5 Nbd5 36. Qa6 Nb6 37. Qa5 d5 38. Bc5 Ne4 39. Nxe4 dxe4 40. Nd2 Qc6 41. Kg1 f5 42. Bxf8 Kxf8 43. Nf1 Qd7 44. Qc5+ Kg8 45. Qe5 Nd5 46. Ne3 Nxe3 47. fxe3 Qc6 48. Qb8+ Kh7 49. Qf8 Qc1+ 50. Kg2 Qd2+ 51. Kh3 Qe1 52. Kg2 Qe2+ 0-1

[Event "Paulista-ch"]
[Site "Americana"]
[Date "2006.06.??"]
[Round "4"]
[White "Arni, Julian Kirsten"]
[Black "De Mello, Rodrigo"]
[Result "0-1"]
[WhiteElo "2176"]
[BlackElo "1732"]
[PlyCount "110"]
[EventDate "2006.06.22"]
[EventType "swiss"]
[EventRounds "7"]
[EventCountry "BRA"]
[SourceTitle "EXT 2022"]
[Source "ChessBase"]
[SourceDate "2021.10.06"]
[SourceVersion "1"]
[SourceVersionDate "2021.10.06"]
[SourceQuality "1"]

1. c4 c6 2. Qa4 Nf6 3. Nc3 d5 4. cxd5 Nxd5 5. Nf3 Bf5 6. e4 Nxc3 7. bxc3 b5 8. Qc2 Bg6 9. d4 e6 10. Bd3 Be7 11. 0-0 0-0 12. a4 bxa4 13. Rxa4 c5 14. Be3 cxd4 15. cxd4 Nd7 16. Rfa1 Rc8 17. Qb3 Rb8 18. Qc3 Nf6 19. Ne5 Rc8 20. Qb3 Bxe4 21. Bxe4 Nxe4 22. Rxa7 Rc7 23. f3 Nf6 24. Qb5 Qd6 25. R1a6 Rc1+ 26. Bxc1 Qxd4+ 27. Kf1 Bc5 28. Nd3 Qg1+ 29. Ke2 Qxg2+ 30. Kd1 Qg1+ 31. Kc2 Bxa7 32. Bd2 Rc8+ 33. Rc6 Rxc6+ 34. Qxc6 h6 35. Qc8+ Kh7 36. Qc7 Qb6 37. Qxf7 Qc6+ 38. Kd1 Qxf3+ 39. Kc2 Qc6+ 40. Kd1 Qa4+ 41. Ke1 Qe4+ 42. Kd1 Qxd3 43. Qxa7 Ne4 44. Qe3 Qxd2+ 45. Qxd2 Nxd2 46. Kxd2 Kg6 47. Ke3 Kf6 48. Kf3 g5 49. h3 h5 50. Kg3 Ke5 51. Kg2 Ke4 52. Kg3 e5 53. Kg2 Ke3 54. h4 gxh4 55. Kf1 Kd2 0-1

[Event "Paulista-ch"]
[Site "Americana"]
[Date "2006.06.??"]
[Round "7"]
[White "De Mello, Rodrigo"]
[Black "Marques de Oliveira, Eduardo"]
[Result "1-0"]
[WhiteElo "1732"]
[BlackElo "2075"]
[PlyCount "73"]
[EventDate "2006.06.22"]
[EventType "swiss"]
[EventRounds "7"]
[EventCountry "BRA"]
[SourceTitle "EXT 2022"]
[Source "ChessBase"]
[SourceDate "2021.10.06"]
[SourceVersion "1"]
[SourceVersionDate "2021.10.06"]
[SourceQuality "1"]

1. d4 Nf6 2. Nf3 g6 3. Bf4 Bg7 4. h3 0-0 5. e3 d6 6. Be2 Nc6 7. 0-0 Re8 8. Nbd2 e5 9. dxe5 dxe5 10. Bg5 h6 11. Bxf6 Bxf6 12. Ne4 Bg7 13. Qxd8 Rxd8 14. c3 f5 15. Bc4+ Kh8 16. Nc5 b6 17. Ne6 Bxe6 18. Bxe6 e4 19. Nd4 Ne5 20. Rfd1 Rd6 21. Bb3 a6 22. Ne6 Rxd1+ 23. Rxd1 Nd3 24. Nxc7 Rc8 25. Nxa6 Nxb2 26. Rd6 Bxc3 27. Rxg6 Be5 28. g3 Rc1+ 29. Kg2 Nd3 30. h4 Rb1 31. Rg8+ Kh7 32. Rf8 Kg6 33. h5+ Kg5 34. Be6 Kxh5 35. Rg8 Bg7 36. Rxg7 Ne5 37. Nc7 1-0

[Event "Sao Paulo Cup"]
[Site "Sao Paulo"]
[Date "2006.??.??"]
[Round "1"]
[White "Assumpcao, Roberto"]
[Black "De Mello, Rodrigo"]
[Result "1-0"]
[WhiteElo "2305"]
[BlackElo "1780"]
[PlyCount "45"]
[EventDate "2006.??.??"]
[EventType "swiss"]
[EventRounds "3"]
[EventCountry "BRA"]
[SourceTitle "EXT 2008"]
[Source "ChessBase"]
[SourceDate "2007.11.25"]
[SourceVersion "1"]
[SourceVersionDate "2007.11.25"]
[SourceQuality "1"]

1. c4 c5 2. g3 Nc6 3. Bg2 d6 4. e3 Bf5 5. d3 Nf6 6. Ne2 h6 7. Nbc3 e6 8. 0-0 Be7 9. e4 Bh7 10. f4 0-0 11. h3 Nd4 12. g4 Nd7 13. Be3 Nxe2+ 14. Qxe2 f5 15. exf5 exf5 16. Bxb7 Rb8 17. Bg2 Bf6 18. Qd2 Re8 19. Bf2 Qa5 20. Rfe1 Rxe1+ 21. Rxe1 Kf8 22. Qe2 Bg6 23. Qe6 1-0